| 000 | 01443nam a2200325 a 4500 | ||
|---|---|---|---|
| 001 | BRCA_3267 | ||
| 005 | 20190320204208.0 | ||
| 008 | 120309s1833----enka---###---#000-0#eng-# | ||
| 041 | _aeng | ||
| 044 | _aenk | ||
| 084 |
_a568 _b.J66 _c1833 |
||
| 100 | 1 |
_aCervantes Saavedra, Miguel de _d1547-1616 _9213 |
|
| 245 | 1 | 0 |
_aThe Life and Exploits of Don Quixote de la Mancha _cTranslated from the Spanish of Miguel de Cervantes Saavedra by Charles Jarvis. |
| 260 |
_aLondres _bJons and Co. _c1833 |
||
| 300 |
_a2 v. _bil. _c19 cm. |
||
| 500 | _aContenido : v.1. Primera parte. Retrato de Cervantes. Vida de Cervantes extractada de la escrita por Mayáns. Prólogo del autor. -- v.2. Segunda parte. Prólogo del autor | ||
| 500 | _aEdición : Illustrated by 24 Designes by Cruickshank | ||
| 500 | _aReimpresión de la traducción de Jarvis, publicada en 1831, por los mismos editores. Tela Lúdovik Osterc | ||
| 500 | _aEstado físico : Encuadernación maltratada y hojas desprendidas | ||
| 500 | _aQM449 | ||
| 546 | _aTexto en : inglés | ||
| 650 | 1 | 4 |
_aNovela española _yÉpoca clásica, 1500-1700 _9215 |
| 650 | 1 | 4 |
_aLiteratura española _yÉpoca clásica, 1500-1700 _9216 |
| 650 | 1 | 4 |
_aNovela española _ySiglo XVII _9217 |
| 650 | 1 | 4 |
_aDon Quijote (Personaje ficticio) _eNovela _9218 |
| 700 | 1 |
_aJarvis, Charles _d?-1739 _eTraductor _98684 |
|
| 740 | 0 | _aEl Ingenioso Hidalgo Don Quijote de la Mancha | |
| 902 | _aQFM | ||
| 942 |
_2lcc _cB |
||
| 999 |
_c3003 _d3003 |
||